| 000 | 00720nam a2200229 i 4500 | ||
|---|---|---|---|
| 001 | 149867 | ||
| 003 | ES-MaACL | ||
| 005 | 20250623202904.0 | ||
| 007 | t| | ||
| 008 | 071024s1936 sp ||||1| spa d | ||
| 100 | 1 |
_aValls i Taberner, Ferran. _9112942 |
|
| 245 | 1 | 0 |
_aSan Ramón de Penyafort / _cpor Fernando Valls Taberner. |
| 260 |
_aBarcelona : _bLabor, _c1936. |
||
| 300 |
_a195 p., 5 h. de lám. ; _c21 cm. |
||
| 490 | 1 |
_aPro Ecclesia et Patria ; _v16 |
|
| 504 | _aBibliografía: p. [190]-195. | ||
| 600 | 0 | 4 |
_aRamón de Penyafort, _cSanto _995211 |
| 830 | 0 |
_aPro Ecclesia et Patria ; _v16 _9192192 |
|
| 852 |
_aES-MaACL _jF-15420 _bR.19504 |
||
| 852 |
_aES-MaACL _jC-29149 |
||
| 999 |
_c149867 _d149867 |
||